ห้องสมุด วิทยาลัยพยาบาลบรมราชชนนี อุดรธานี Boromarajonani College of Nursing, Udonthani
mysqli: Table './ulib2015/stat_globaluid' is marked as crashed and last (automatic?) repair failed select id from stat_globaluid where statuid='20260419111500_4582' mysqli: Table './ulib2015/stat_globaluid' is marked as crashed and last (automatic?) repair failed DELETE FROM stat_globaluid
WHERE id NOT IN (
SELECT id
FROM (
SELECT id
FROM stat_globaluid
ORDER BY id DESC
LIMIT 100
) foo
); mysqli: Table './ulib2015/stat_globaluid' is marked as crashed and last (automatic?) repair failed insert into stat_globaluid set
statuid='20260419111500_4582',
dt='1776572100',
phpself='/ULIB/dublinfull.php',
agent='Mozilla/5.0 AppleWebKit/537.36 (KHTML, like Gecko; compatible; ClaudeBot/1.0; +claudebot@anthropic.com)',
yea='2026',
mon='4',
dat='19',
ip='216.73.216.142'
LEADER 00674nam 2200229 a 4500
001 10694
003 ULIBM
008 070611s2529 th m a001 0 tha d
050 4 ^aWA21^bก344ก 2529
245 10 ^aการอบรมเชิงปฏิบัติการของหัวหน้าฝ่ายวิชาการและบริการการศึกษา/^cกระทรวงสาธารณสุข
250 ^aพิมพ์ครั้งที่ 1.
260 ^aนครศรีธรรมราช:^bวิทยาลัยพยาบาลนครศรีธรรมราช,^c2529
300 ^a 134 หน้า.
650 7 ^aการอบรมเชิงปฏิบัติการ
945 ^p0^l0^i17121
999 ^aลิขิตลักษณ์
คุณยังไม่ได้ล็อกอิน คุณสามารถมีกิจกรรมร่วมกับเว็บไซต์ได้ แต่ต้องล็อกอินก่อน ::
ลำดับที่
ประเภท
เลขเรียก /บาร์โค้ด
สถานที่
สถานะ
1.
หนังสือการพยาบาล WA21 ก344ก 2529 Barcode: 17121 หนังสือทั่วไป On Shelf [แสดง 1/1 รายการ]
mysqli: Can't create/write to file '/var/tmp/#sql_59d_0.MAI' (Errcode: 2) select * from index_db where titl like '%การอบรมเชิงปฏิบัติการของหัวหน้าฝ่ายวิชาการและบริการการศึกษา/ กระทรวงสาธารณสุข%' and mid<>'10694' order by rand() limit 3 mysqli: Can't create/write to file '/var/tmp/#sql_59d_0.MAI' (Errcode: 2) select * from index_db where subj like '%การอบรมเชิงปฏิบัติการ%' and mid<>'10694' order by rand() limit 3
ยังไม่เคยถูกคอมเมนท์
คอมเมนท์ทรัพยากรรายการนี้
JavaScript must be enabled in order for you to use Google Maps.
However, it seems JavaScript is either disabled or not supported by your browser.
To view Google Maps, enable JavaScript by changing your browser options, and then
try again.